Key to modern poetry / (Record no. 9136)
[ view plain ]
| 000 -LEADER | |
|---|---|
| fixed length control field | 00682cam a2200265I 4500 |
| 001 - CONTROL NUMBER | |
| JCCL Control Number | 9136 |
| 003 - CONTROL NUMBER IDENTIFIER | |
| JCCL marc code | BD-JhCC |
| 005 - DATE AND TIME OF LATEST TRANSACTION | |
| control field | 20181204101014.0 |
| 008 - FIXED-LENGTH DATA ELEMENTS--GENERAL INFORMATION | |
| fixed length control field | 781110s1952 enk 000 0 eng c |
| 029 1# - (OCLC) | |
| OCLC library identifier | UKM |
| System control number | b5206227 |
| 035 ## - SYSTEM CONTROL NUMBER | |
| system control number | CONN419727 |
| -- | (BD-JhCC)9136 |
| 035 ## - SYSTEM CONTROL NUMBER | |
| system control number | ocm04364783 |
| 035 ## - SYSTEM CONTROL NUMBER | |
| system control number | 65815 |
| 040 ## - CATALOGING SOURCE | |
| Original cataloging agency | Colombia Univ |
| Transcribing agency | IRU |
| Modifying agency | UKM |
| -- | BD-JhCC |
| 041 ## - LANGUAGE CODE | |
| Language code of Book | eng |
| 082 04 - DEWEY DECIMAL CLASSIFICATION NUMBER | |
| Classification number | 821.912 |
| DDC Edition number | 18 |
| Author mark and Year | DUR 1952 |
| 090 ## - LOCALLY ASSIGNED LC-TYPE CALL NUMBER (OCLC); LOCAL CALL NUMBER (OCLC) | |
| Classification number (OCLC) (R) ; Classification number, CALL (RLIN) (NR) | PN6099 |
| Local cutter number (OCLC) ; Book number/undivided call number, CALL (RLIN) | .D87 |
| 100 1# - MAIN ENTRY--PERSONAL NAME | |
| Personal name | Durrell, Lawrence. |
| 245 10 - TITLE STATEMENT | |
| Title | Key to modern poetry / |
| Statement of responsibility, etc | Lawrence Durrell, |
| 260 ## - PUBLICATION, DISTRIBUTION, ETC. (IMPRINT) | |
| Place of publication, distribution, etc | [London] |
| Name of publisher, distributor, etc | P. Nevill |
| Date of publication, distribution, etc | [1952] |
| 300 ## - PHYSICAL DESCRIPTION | |
| Pagination | xii, 209 p. |
| Dimensions | 22 cm. |
| 650 #0 - SUBJECT ADDED ENTRY--TOPICAL TERM | |
| Topical term or geographic name as entry element | Poetry, Modern. |
| 942 ## - ADDED ENTRY ELEMENTS (KOHA) | |
| Source of classification or shelving scheme | Dewey Decimal Classification |
| Koha item type | Books |
| Source of classification or shelving scheme | Damaged status | Not for loan | Home library | Current library | Shelving location | Total Checkouts | Full call number | Barcode | Date last seen | Copy number | Koha item type |
|---|---|---|---|---|---|---|---|---|---|---|---|
| Dewey Decimal Classification | JCC Rouf Library | JCC Rouf Library | General Stacks | 821.912 DUR 1952 | 12112 | 03/08/2018 | C - 1 | Books |